MARC

LEADER 00000nam0a2200000 4500
001 281066
005 20231101235352.0
020 |a RU  |b 86-43290ж 
035 |a (RuTPU)RU\TPU\book\304672 
090 |a 281066 
100 |a 20150116d1986 k y0rusy5003 ca 
101 0 |a rus 
102 |a RU 
105 |a a z 001zy 
200 1 |a Вопросы гидрологического обоснования проблемы территориального перераспределения речного стока  |e [сборник статей]  |f Государственный гидрологический институт (ГГИ) ; под ред. Р. А. Нежиховского , И. А. Шикломанова 
210 |a Ленинград  |c Гидрометеоиздат  |d 1986 
215 |a 127 с.  |c ил.  |d 22 см 
225 1 |a Труды Государственного гидрологического института  |v Вып. 293 
320 |a Библиогр. в конце ст. 
606 1 |a Реки  |x Переброска стока  |2 stltpush  |3 (RuTPU)RU\TPU\subj\24832  |9 49110 
606 1 |a Речной сток  |x Распределение  |2 stltpush  |3 (RuTPU)RU\TPU\subj\25195  |9 49412 
610 1 |a Белое море 
610 1 |a водный баланс 
610 1 |a северные реки 
610 1 |a трассы 
610 1 |a гидрологические исследования 
610 1 |a Ладожское озеро 
610 1 |a Онежское озеро 
610 1 |a Нева 
610 1 |a гидрометеорологический режим 
610 1 |a Печора 
610 1 |a поймы 
610 1 |a обводнение 
610 1 |a водохранилища 
610 1 |a приток 
610 1 |a Иртыш 
610 1 |a сибирские реки 
610 1 |a откосы 
610 1 |a фильтрационная устойчивость 
610 1 |a Сырдарья 
675 |a 627.4  |z rus  |v 3 
675 |a 556.162  |z rus  |v 3 
702 1 |a Нежиховский  |b Р. А.  |4 340 
702 1 |a Шикломанов  |b И. А.  |4 340 
712 0 2 |a Государственный гидрологический институт (ГГИ)  |c (Санкт-Петербург)  |2 stltpush  |3 (RuTPU)RU\TPU\col\7764 
801 0 |a RU  |b RuMRKP  |c 19950704  |g psbo 
801 1 |a RU  |b 63413507  |c 20150116 
801 2 |a RU  |b 63413507  |c 20170131  |g RCR 
942 |c BK